Indie Games by Pictures #5 - Statistics

General Stats
  • This quiz has been taken 285 times
  • The average score is 11 of 20
Answer Stats
Picture Answer % Correct
Undertale
96%
Geometry Dash
95%
Slime Rancher
77%
Buckshot Roulette
75%
Gartic Phone
73%
SCP: Containment Breach
72%
R.E.P.O.
67%
Amanda the Adventurer
57%
Rust
57%
Iron Lung
56%
Slay the Spire
47%
That's Not My Neighbor
44%
Inside
42%
Tunic
41%
FEZ
40%
Tattletail
37%
Donut County
32%
A Short Hike
27%
Riddle School
27%
What Remains of Edith Finch
26%
No matching quizzes found
Score Distribution
Percent of People with Each Score
Percentile by Number Answered
Your Score History
You have not taken this quiz